| 000 | 00853cam a2200289 a 4500 | ||
|---|---|---|---|
| 999 |
_c303 _d303 |
||
| 001 | .b13019673 | ||
| 003 | OSt | ||
| 005 | 20190805152404.0 | ||
| 008 | 161104r20111988enka 001 0 eng | ||
| 020 |
_a9780857501004 _q(pbk.) : |
||
| 040 |
_aWJB _cCC4KG |
||
| 042 | _anbic | ||
| 082 | _a530.11 HAW | ||
| 100 | 1 |
_aHawking, Stephen, _d1942- _eauthor |
|
| 245 | 1 | 2 |
_aA brief history of time : _bfrom the big bang to black holes / _cStephen Hawking. |
| 250 | _aBantam ed. reissued. | ||
| 260 |
_aLondon : _bBantam Books, _c2011. |
||
| 300 |
_ax, 240 p. : _bill. ; _c20 cm. |
||
| 500 | _a"First published in Great Britain in 1988 by Bantam Press"--T.p. verso. | ||
| 500 | _aIncludes index. | ||
| 650 | 0 | _aCosmology. | |
| 650 | 0 | _aSpace and time. | |
| 650 | 0 | _aPhysics. | |
| 650 | 0 |
_aSpace _xHistory. |
|
| 650 | 0 |
_aTime _xHistory. |
|
| 942 |
_2ddc _cNFIC |
||